[Event "Hong Kong-chT"]
[Site "Hong Kong"]
[Date "2016.03.31"]
[Round "1.2"]
[White "Lau, Yung"]
[Black "Kong, Steven Chun Shing"]
[Result "1-0"]
[WhiteElo "2148"]
[BlackElo "1463"]
[PlyCount "69"]
[EventDate "2016.03.31"]
[EventType "team-swiss"]
[EventRounds "7"]
[EventCountry "HKG"]
[SourceTitle "EXT 2017"]
[Source "ChessBase"]
[SourceDate "2016.10.25"]
[SourceVersion "1"]
[SourceVersionDate "2016.10.25"]
[SourceQuality "1"]
[WhiteTeam "Four Ex National Champions"]
[BlackTeam "Active Kids CC"]
[WhiteTeamCountry "HKG"]
[BlackTeamCountry "HKG"]

1. e4 e5 2. Nf3 Nc6 3. Bb5 d6 4. d4 Bd7 5. Nc3 Nf6 6. 0-0 Be7 7. Re1 0-0 8. Bxc6 Bxc6 9. dxe5 Ng4 10. exd6 cxd6 11. Bf4 f5 12. Nd4 Bd7 13. Nxf5 Bxf5 14. exf5 Nf6 15. Nd5 Rc8 16. Nxe7+ Kh8 17. Nxc8 Qxc8 18. Qxd6 Rd8 19. Qc7 Nd5 20. Qxc8 Rxc8 21. g3 Nb4 22. a3 Nxc2 23. Rac1 h6 24. Re2 Kh7 25. Rexc2 Rf8 26. Rc8 Rxf5 27. R1c7 h5 28. Rxb7 Kg6 29. Rcc7 Kh7 30. Rxg7+ Kh8 31. Rh7+ Kg8 32. Rbg7+ Kf8 33. Bh6 Ke8 34. Rg8+ Rf8 35. Rxf8# 1-0

[Event "Olympiad-36"]
[Site "Mallorca"]
[Date "2004.10.25"]
[Round "10"]
[White "Lau, Yung"]
[Black "Leong, Mun Wan"]
[Result "1/2-1/2"]
[WhiteElo "2147"]
[BlackElo "2205"]
[PlyCount "58"]
[EventDate "2004.10.15"]
[EventType "team-swiss"]
[EventRounds "14"]
[EventCountry "ESP"]
[SourceTitle "CBM 104"]
[Source "ChessBase"]
[SourceDate "2005.01.27"]
[SourceVersion "1"]
[SourceVersionDate "2005.01.27"]
[SourceQuality "1"]
[WhiteTeam "Hong Kong"]
[BlackTeam "Malaysia"]
[WhiteTeamCountry "HKG"]
[BlackTeamCountry "MAS"]

1. e4 c5 2. Nf3 d6 3. Bb5+ Bd7 4. Bxd7+ Qxd7 5. 0-0 Nc6 6. c3 g6 7. Qe2 Bg7 8. Rd1 e6 9. d4 cxd4 10. cxd4 Nge7 11. Nc3 0-0 12. Bg5 Rfe8 13. Rac1 Rac8 14. e5 Nd5 15. Ne4 dxe5 16. dxe5 Nxe5 17. Nxe5 Bxe5 18. Nc5 Qd6 19. g3 Bg7 20. Ne4 Qb4 21. b3 a6 22. Qf3 Rxc1 23. Rxc1 f5 24. Nc5 h6 25. Nxe6 Rxe6 26. Qxd5 Qd6 27. Rc8+ Kh7 28. Qxd6 Rxd6 29. Be3 Rd7 1/2-1/2

[Event "Olympiad-36"]
[Site "Mallorca"]
[Date "2004.10.23"]
[Round "8"]
[White "Pukkila, Markku"]
[Black "Lau, Yung"]
[Result "1/2-1/2"]
[WhiteElo "2181"]
[BlackElo "2147"]
[PlyCount "78"]
[EventDate "2004.10.15"]
[EventType "team-swiss"]
[EventRounds "14"]
[EventCountry "ESP"]
[SourceTitle "CBM 104"]
[Source "ChessBase"]
[SourceDate "2005.01.27"]
[SourceVersion "1"]
[SourceVersionDate "2005.01.27"]
[SourceQuality "1"]
[WhiteTeam "IPCA"]
[BlackTeam "Hong Kong"]
[BlackTeamCountry "HKG"]

1. e4 d6 2. d4 Nf6 3. Nc3 g6 4. Nf3 Bg7 5. Bc4 0-0 6. 0-0 Nxe4 7. Nxe4 d5 8. Bd3 dxe4 9. Bxe4 Nd7 10. c3 e5 11. Bg5 Bf6 12. Bxf6 Qxf6 13. dxe5 Nxe5 14. Nxe5 Qxe5 15. Re1 Qf6 16. Qb3 Be6 17. Bd5 Bxd5 18. Qxd5 Rad8 19. Qxb7 Rd2 20. Qxa7 Rxb2 21. Qd4 Qxd4 22. cxd4 Rd8 23. Re4 Ra8 24. Kf1 Raxa2 25. Rxa2 Rxa2 26. Re2 Ra1+ 27. Re1 Ra2 28. Rc1 Ra4 29. Rd1 Kf8 30. Ke2 Ke7 31. Ke3 Kd6 32. Rc1 Ra3+ 33. Ke4 f5+ 34. Kf4 Rd3 35. Rc4 c6 36. h4 Kd5 37. Rc5+ Kd6 38. Rc4 Kd5 39. Rc5+ Kd6 1/2-1/2

[Event "Olympiad-34"]
[Site "Istanbul"]
[Date "2000.11.06"]
[Round "9.1"]
[White "Li Ying, Patrick"]
[Black "Lau, Yung"]
[Result "1/2-1/2"]
[WhiteElo "2090"]
[BlackElo "2130"]
[PlyCount "126"]
[EventDate "2000.10.28"]
[EventType "team-swiss"]
[EventRounds "14"]
[EventCountry "TUR"]
[SourceTitle "EXT 2001"]
[Source "ChessBase"]
[SourceDate "2000.11.22"]
[SourceVersion "1"]
[SourceVersionDate "2000.11.22"]
[SourceQuality "1"]
[WhiteTeam "Mauritius"]
[BlackTeam "Hong Kong"]
[WhiteTeamCountry "MRI"]
[BlackTeamCountry "HKG"]

1. d4 Nf6 2. c4 d6 3. Nc3 g6 4. e4 Bg7 5. f3 c6 6. Be3 a6 7. Nge2 b5 8. Nc1 Nbd7 9. Qd2 0-0 10. Nb3 bxc4 11. Bxc4 d5 12. Be2 e5 13. 0-0 Re8 14. dxe5 Nxe5 15. Rfd1 Be6 16. Nc5 a5 17. Qc2 Qe7 18. Rac1 dxe4 19. N3xe4 Bf5 20. Qa4 Neg4 21. Bg5 Bxe4 22. Nxe4 Qa7+ 23. Qd4 Qxd4+ 24. Rxd4 Nxe4 25. Rxe4 Rxe4 26. fxe4 Bd4+ 27. Kf1 Nxh2+ 28. Ke1 h5 29. Rxc6 Bxb2 30. Bc4 Kg7 31. Rc7 Rf8 32. Bf4 Ng4 33. Bd6 Re8 34. Rxf7+ Kh6 35. Bd5 Be5 36. Bc5 g5 37. Bf8+ Kg6 38. Bc5 Nf6 39. Rf8 Rxf8 40. Bxf8 Nxd5 41. exd5 Kf7 42. Bc5 Bc3+ 43. Ke2 Kf6 44. Kd3 Be1 45. Ke4 Bg3 46. Bd4+ Ke7 47. Be5 Bxe5 48. Kxe5 g4 49. Kf5 Kd6 50. Kg5 Kxd5 51. Kxh5 g3 52. Kg4 Kc4 53. Kxg3 Kc3 54. Kf3 a4 55. g4 a3 56. g5 Kb2 57. g6 Kxa2 58. g7 Kb2 59. g8Q a2 60. Qg7+ Kb1 61. Qg1+ Kb2 62. Qd4+ Kb1 63. Qb4+ Ka1 1/2-1/2

[Event "Olympiad-34"]
[Site "Istanbul"]
[Date "2000.11.01"]
[Round "5.1"]
[White "Mueller, Leonhard"]
[Black "Lau, Yung"]
[Result "0-1"]
[WhiteElo "2249"]
[BlackElo "2130"]
[PlyCount "138"]
[EventDate "2000.10.28"]
[EventType "team-swiss"]
[EventRounds "14"]
[EventCountry "TUR"]
[SourceTitle "EXT 2001"]
[Source "ChessBase"]
[SourceDate "2000.11.22"]
[SourceVersion "1"]
[SourceVersionDate "2000.11.22"]
[SourceQuality "1"]
[WhiteTeam "Namibia"]
[BlackTeam "Hong Kong"]
[WhiteTeamCountry "NAM"]
[BlackTeamCountry "HKG"]

1. d4 Nf6 2. c4 d6 3. Nf3 g6 4. Nc3 Bg7 5. e4 0-0 6. Be2 e5 7. 0-0 Nc6 8. d5 Ne7 9. Nd2 Ne8 10. b4 f5 11. c5 Nf6 12. f3 f4 13. Nc4 g5 14. Ba3 Rf7 15. b5 Ne8 16. b6 axb6 17. cxb6 Ng6 18. bxc7 Rxc7 19. Nb5 Rd7 20. Bb4 Bf8 21. a4 Rg7 22. a5 h5 23. Nb6 Rb8 24. Rc1 Bd7 25. Kh1 g4 26. Nxd7 Qxd7 27. Na3 Nh4 28. Rg1 Nf6 29. Nc4 Nh7 30. Nb6 Qf7 31. Be1 g3 32. h3 Ng5 33. Bf1 Qg6 34. Qe2 Kh8 35. Bb4 Be7 36. Rc2 Rbg8 37. Bd2 Nxh3 38. gxh3 g2+ 39. Bxg2 Nxg2 40. Bc3 Qg3 41. Qxg2 Qh4 42. Kh2 Rxg2+ 43. Rcxg2 Rg3 44. Rxg3 fxg3+ 45. Rxg3 Qf4 46. Kg2 Bh4 47. Be1 Bxg3 48. Bxg3 Qg5 49. h4 Qd2+ 50. Bf2 Qxa5 51. Nc4 Qa6 52. Nb6 Kg8 53. Kg1 Kf7 54. Kg2 Ke8 55. Kg1 Kd8 56. Kg2 Kc7 57. Be3 Qxb6 58. Bxb6+ Kxb6 59. f4 exf4 60. Kf3 Kc5 61. Kxf4 b5 62. Kf5 b4 63. e5 b3 64. e6 b2 65. e7 b1Q+ 66. Ke6 Qe4+ 67. Kd7 Kxd5 68. e8Q Qxe8+ 69. Kxe8 Ke6 0-1

[Event "World Cities"]
[Site "Jakarta "]
[Date "1997.??.??"]
[Round "5"]
[White "Lau, Yung"]
[Black "Long, J."]
[Result "1/2-1/2"]
[WhiteElo "2055"]
[BlackElo "2060"]
[PlyCount "70"]
[EventDate "1997.07.08"]
[EventType "swiss"]
[EventRounds "10"]
[EventCountry "INA"]
[SourceTitle "CBM 058 Extra"]
[Source "ChessBase"]
[SourceDate "1997.07.29"]
[SourceVersion "1"]
[SourceVersionDate "1997.07.29"]
[SourceQuality "1"]

1. e4 e6 2. d4 d5 3. e5 c5 4. c3 Qb6 5. Nf3 Nc6 6. Bd3 cxd4 7. cxd4 Bd7 8. 0-0 Nxd4 9. Nxd4 Qxd4 10. Nc3 Qxe5 11. Re1 Qb8 12. Nxd5 Bd6 13. Qg4 Kf8 14. b3 h5 15. Qh3 Bc6 16. Nc3 Nf6 17. Ne4 Nxe4 18. Bxe4 Bxe4 19. Rxe4 Qc7 20. Rc4 Qe7 21. Bb2 Rd8 22. Qc3 f6 23. g3 Kf7 24. Rc1 Rd7 25. Qf3 h4 26. Rxh4 Rxh4 27. gxh4 Rc7 28. Qh5+ Kf8 29. Rd1 Rc2 30. Bd4 e5 31. Be3 Rxa2 32. Rc1 Qf7 33. Qh8+ Ke7 34. h5 a5 35. Bc5 Rd2 1/2-1/2

[Event "World Cities"]
[Site "Jakarta "]
[Date "1997.??.??"]
[Round "9"]
[White "Lau, Yung"]
[Black "Mas, Hafizulhelmi"]
[Result "0-1"]
[WhiteElo "2055"]
[BlackElo "2370"]
[PlyCount "70"]
[EventDate "1997.07.08"]
[EventType "swiss"]
[EventRounds "10"]
[EventCountry "INA"]
[SourceTitle "CBM 058 Extra"]
[Source "ChessBase"]
[SourceDate "1997.07.29"]
[SourceVersion "1"]
[SourceVersionDate "1997.07.29"]
[SourceQuality "1"]

1. e4 c5 2. Nf3 d6 3. d4 cxd4 4. Nxd4 Nf6 5. Nc3 a6 6. Be2 e5 7. Nb3 b5 8. a3 Bb7 9. Bg5 Nbd7 10. 0-0 Be7 11. Qd3 0-0 12. Rad1 Rc8 13. f4 h6 14. Bxf6 Nxf6 15. Nd5 Nxd5 16. exd5 Bf6 17. f5 e4 18. Qxe4 Re8 19. Qd3 Bxb2 20. f6 Bxf6 21. Bf3 Rc4 22. Rfe1 Be5 23. Re4 Rc3 24. Qd2 Qc7 25. Re2 Rc8 26. Be4 Qb6+ 27. Kh1 a5 28. Nc1 Qd8 29. Nd3 Rxc2 30. Qxc2 Rxc2 31. Rxc2 Qh4 32. Nxe5 Qxe4 33. Rc7 Bxd5 34. Nf3 Qe6 35. Kg1 Qe3+ 0-1

[Event "Olympiad-32"]
[Site "Yerevan"]
[Date "1996.09.20"]
[Round "5.4"]
[White "Rasmussen, Rogvi W"]
[Black "Lau, Yung"]
[Result "0-1"]
[WhiteElo "2100"]
[BlackElo "2030"]
[PlyCount "82"]
[EventDate "1996.09.15"]
[EventType "team-swiss"]
[EventRounds "14"]
[EventCountry "ARM"]
[SourceTitle "CBM 055"]
[Source "ChessBase"]
[SourceDate "1996.12.01"]
[SourceVersion "1"]
[SourceVersionDate "1996.12.01"]
[SourceQuality "1"]
[WhiteTeam "Faroe Islands"]
[BlackTeam "Hong Kong"]
[WhiteTeamCountry "FAI"]
[BlackTeamCountry "HKG"]

1. d4 Nf6 2. c4 g6 3. Nf3 Bg7 4. Nc3 d6 5. e4 0-0 6. Be2 e5 7. 0-0 Nc6 8. d5 Ne7 9. b4 Ne8 10. c5 f5 11. Nd2 f4 12. cxd6 cxd6 13. Nc4 g5 14. Ba3 Ng6 15. Rc1 Rf7 16. b5 Bf8 17. b6 a6 18. f3 Rg7 19. Kf2 g4 20. fxg4 Qh4+ 21. Kg1 Nh8 22. Qe1 Qh6 23. Nd1 Nf7 24. Rc3 Bxg4 25. Bxg4 Rxg4 26. Nf2 Rg6 27. Nh3 Rc8 28. Na5 Rb8 29. Kh1 Be7 30. Bc1 Kh8 31. Rg1 Bd8 32. Rb3 Nf6 33. Nf2 Ng5 34. g3 Bxb6 35. Rxb6 Nf3 36. Ng4 Nxg4 37. Qe2 Nxg1 38. Kxg1 Rc8 39. Bd2 Qh3 40. Rxb7 f3 41. Qf1 Qxh2# 0-1

[Event "Asia-ch"]
[Site "Dubai"]
[Date "1996.??.??"]
[Round "?"]
[White "Ali, Bin Ali"]
[Black "Lau, Yung"]
[Result "0-1"]
[WhiteElo "2175"]
[BlackElo "2030"]
[PlyCount "129"]
[EventDate "1996.??.??"]
[EventType "swiss"]
[EventRounds "9"]
[EventCountry "UAE"]
[SourceTitle "EXT 1999"]
[Source "ChessBase"]
[SourceDate "1998.11.16"]
[SourceVersion "1"]
[SourceVersionDate "1998.11.16"]
[SourceQuality "1"]

1. d4 Nf6 2. c4 d6 3. Nc3 g6 4. e4 Bg7 5. Be2 0-0 6. Nf3 e5 7. Be3 Nc6 8. h3 Re8 9. d5 Ne7 10. 0-0 Nd7 11. g4 f5 12. gxf5 gxf5 13. Bg5 f4 14. Kh2 Nf6 15. Rg1 Kh8 16. Qd3 Ng6 17. Rg2 Qd7 18. Rh1 Rf8 19. Kg1 Qf7 20. h4 h6 21. h5 Ne7 22. Bh4 Bd7 23. Nd2 a6 24. Kf1 b5 25. Ke1 Rab8 26. b3 Rg8 27. Rhg1 Kh7 28. Bxf6 Bxf6 29. Bg4 Bxg4 30. Rxg4 Rxg4 31. Rxg4 Qxh5 32. Qf3 Qf7 33. Qd3 b4 34. Ne2 Rg8 35. Qh3 Rxg4 36. Qxg4 Qf8 37. Qd7 Qc8 38. Qa4 c5 39. dxc6 Nxc6 40. a3 bxa3 41. Qxa3 Be7 42. Qa1 Nb4 43. Qc3 a5 44. Qf3 Qg8 45. Qh3 Qf7 46. Nc3 Nc2+ 47. Kd1 Nd4 48. Ne2 Qe6 49. Qg2 Qg6 50. Qh3 h5 51. Nxd4 exd4 52. f3 d3 53. Qf1 h4 54. Qxd3 h3 55. Nf1 Kh6 56. Qd2 Qg5 57. Qb2 Bf6 58. Qd2 Be5 59. Qe2 Qg2 60. Nh2 Kh5 61. Ng4 Kh4 62. Qe1+ Qg3 63. Qe2 Bc3 64. Nh2 Qg1+ 65. Nf1 0-1